[Event "Nizhnij Novgorod-ch HL"]
[Site "Nizhnij Novgorod"]
[Date "2009.11.14"]
[Round "?"]
[White "Svetlov, Dmitry"]
[Black "Zhuravlev, Oleg"]
[Result "1-0"]
[WhiteElo "2449"]
[BlackElo "2100"]
[PlyCount "63"]
[EventDate "2009.11.14"]
[EventType "swiss"]
[EventRounds "9"]
[EventCountry "RUS"]
[SourceTitle "EXT 2022"]
[Source "ChessBase"]
[SourceDate "2021.10.06"]
[SourceVersion "1"]
[SourceVersionDate "2021.10.06"]
[SourceQuality "1"]

1. d4 d5 2. Nf3 e6 3. c4 c6 4. Qc2 Bd6 5. g3 f5 6. Bg2 Nf6 7. 0-0 0-0 8. Bf4 Bxf4 9. gxf4 Bd7 10. Ne5 Be8 11. e3 Nbd7 12. cxd5 cxd5 13. Rc1 Nb6 14. Nc3 Rc8 15. Qb3 Qe7 16. Rc2 Ne4 17. a4 Nxc3 18. Rxc3 Bxa4 19. Rxa4 Rxc3 20. bxc3 Nxa4 21. Qxa4 Rc8 22. Qxa7 h6 23. Bf3 g5 24. fxg5 hxg5 25. Qa5 Kg7 26. Be2 Qc7 27. Qb5 Kf6 28. c4 dxc4 29. Bxc4 Ra8 30. Nd7+ Ke7 31. Nc5 Ra1+ 32. Kg2 1-0

[Event "Nizhnij Novgorod Region-ch op"]
[Site "Nizhnij Novgorod"]
[Date "2008.10.??"]
[Round "7"]
[White "Lukin, Evgeny"]
[Black "Zhuravlev, Oleg"]
[Result "1-0"]
[WhiteElo "2250"]
[BlackElo "2077"]
[PlyCount "81"]
[EventDate "2008.10.04"]
[EventType "swiss"]
[EventRounds "9"]
[EventCountry "RUS"]
[SourceTitle "EXT 2022"]
[Source "ChessBase"]
[SourceDate "2021.10.06"]
[SourceVersion "1"]
[SourceVersionDate "2021.10.06"]
[SourceQuality "1"]

1. d4 c5 2. d5 e5 3. Nc3 d6 4. e4 Nf6 5. Be2 a6 6. a4 Be7 7. Nf3 0-0 8. 0-0 Nbd7 9. Nd2 Ne8 10. Ra3 g6 11. Nc4 Ng7 12. Bh6 Kh8 13. f4 exf4 14. Bxf4 Nb6 15. e5 Nxc4 16. Bxc4 b6 17. Ne4 dxe5 18. Bxe5 f6 19. Bg3 f5 20. Nd2 Bb7 21. Rd3 Bf6 22. c3 Nh5 23. Re1 Nxg3 24. hxg3 Bc8 25. d6 Bb7 26. d7 Qc7 27. Qe2 Rad8 28. Be6 Bc6 29. Nc4 Bxd7 30. Bxd7 Rxd7 31. Rxd7 Qxd7 32. Nxb6 Qd6 33. Qe6 Rd8 34. Nc4 Qf8 35. Qxa6 Bg7 36. Qe6 Bf6 37. a5 Kg7 38. a6 Bg5 39. a7 Kh6 40. Ne5 Kg7 41. Nd7 1-0

[Event "Nizhnij Novgorod Dubinin Memorial 15th"]
[Site "Nizhnij Novgorod"]
[Date "2008.01.??"]
[Round "?"]
[White "Rakov, Mikhail"]
[Black "Zhuravlev, Oleg"]
[Result "1/2-1/2"]
[WhiteElo "1930"]
[BlackElo "2110"]
[PlyCount "62"]
[EventDate "2008.01.??"]
[EventType "swiss"]
[EventRounds "9"]
[EventCountry "RUS"]
[SourceTitle "CBM 122 Extra"]
[Source "ChessBase"]
[SourceDate "2008.03.04"]
[SourceVersion "1"]
[SourceVersionDate "2008.03.04"]
[SourceQuality "1"]

1. d4 d5 2. Nf3 c6 3. c3 Bf5 4. Bf4 e6 5. e3 Nf6 6. Bd3 Bxd3 7. Qxd3 Qb6 8. Qc2 c5 9. 0-0 Nc6 10. Nbd2 Rc8 11. Qb3 Qxb3 12. axb3 Nh5 13. Bg5 h6 14. Bh4 g5 15. Bg3 Nxg3 16. hxg3 a6 17. Ne1 Be7 18. Nd3 cxd4 19. exd4 0-0 20. b4 Bd6 21. Nf3 Rfe8 22. Rfe1 f6 23. Nc5 Bxc5 24. bxc5 Kf7 25. Nd2 e5 26. Nb3 h5 27. Kf1 e4 28. Na5 Nxa5 29. Rxa5 f5 30. c6 bxc6 31. Rxa6 f4 1/2-1/2

[Event "Nizhnij Novgorod Dubinin Memorial 15th"]
[Site "Nizhnij Novgorod"]
[Date "2008.01.??"]
[Round "?"]
[White "Teverovsky, Alexander"]
[Black "Zhuravlev, Oleg"]
[Result "1-0"]
[WhiteElo "2196"]
[BlackElo "2110"]
[PlyCount "75"]
[EventDate "2008.01.??"]
[EventType "swiss"]
[EventRounds "9"]
[EventCountry "RUS"]
[SourceTitle "CBM 122 Extra"]
[Source "ChessBase"]
[SourceDate "2008.03.04"]
[SourceVersion "1"]
[SourceVersionDate "2008.03.04"]
[SourceQuality "1"]

1. e4 c5 2. Nf3 Nc6 3. Nc3 e6 4. d4 cxd4 5. Nxd4 Qc7 6. Ndb5 Qb8 7. Be2 Nf6 8. a4 Bb4 9. 0-0 a6 10. Nd4 0-0 11. Bf3 Qc7 12. Bg5 Bc5 13. Nb3 Bb4 14. Ne2 Be7 15. Bf4 d6 16. a5 Ne5 17. Nc3 Bd7 18. Be2 Rac8 19. Qd2 Rfd8 20. Be3 Nc4 21. Bxc4 Qxc4 22. f3 Bc6 23. Bb6 Rd7 24. Qd4 Qxd4+ 25. Nxd4 Bd8 26. Bxd8 Rdxd8 27. Rfd1 Kf8 28. Kf2 Ke7 29. Rd2 g6 30. Rad1 Be8 31. g4 h6 32. h4 g5 33. h5 Nd7 34. Nce2 Ne5 35. b3 Rc5 36. Ra1 Rc7 37. c4 Bd7 38. Nc3 1-0

[Event "Nizhnij Novgorod Dubinin Memorial 15th"]
[Site "Nizhnij Novgorod"]
[Date "2008.01.??"]
[Round "?"]
[White "Zhuravlev, Oleg"]
[Black "Tarasov, Valery"]
[Result "1/2-1/2"]
[WhiteElo "2110"]
[BlackElo "1943"]
[PlyCount "32"]
[EventDate "2008.01.??"]
[EventType "swiss"]
[EventRounds "9"]
[EventCountry "RUS"]
[SourceTitle "CBM 122 Extra"]
[Source "ChessBase"]
[SourceDate "2008.03.04"]
[SourceVersion "1"]
[SourceVersionDate "2008.03.04"]
[SourceQuality "1"]

1. e4 c6 2. d4 d5 3. e5 Bf5 4. c3 e6 5. Be2 c5 6. Nf3 Nc6 7. 0-0 h6 8. Nbd2 cxd4 9. Nxd4 Nxd4 10. cxd4 Ne7 11. Nb3 Nc6 12. Bd2 Be7 13. Bc3 Qb6 14. Qd2 a5 15. Qe3 Nb4 16. Bxb4 Qxb4 1/2-1/2